|
|
|
|
| LEADER |
00667cam a2200193ua 4500 |
| 008 |
051209s1983 g b000 u Eng u |
| 020 |
|
|
|a 0-07-099056-5
|c D 3.95
|
| 044 |
|
|
|a
|
| 082 |
1 |
4 |
|a 621 M3
|
| 100 |
1 |
|
|a Beiser, Arthur.
|
| 245 |
0 |
0 |
|a Schaum`s outline of theory and problems of applied physics /
|h Textual Documents
|
| 260 |
|
|
|a Singapore : McGraw Hill ,
|c 1983.
|
| 300 |
|
|
|a ;
|
| 365 |
|
|
|a D 3.95
|
| 440 |
0 |
|
|a Schaum`s outline series,
|v
|x ;
|
| 490 |
0 |
|
|a Schaum`s outline series,
|v
|x ;
|
| 942 |
|
|
|c BK
|
| 999 |
|
|
|c 103970
|d 103970
|
| 952 |
|
|
|0 0
|1 0
|4 0
|6 621_000000000000000_M3
|7 0
|9 98607
|a SCS
|b SCS
|d 2014-06-26
|h D 3.95
|l 0
|o 621 M3
|p SCS00681
|r 2014-06-26
|w 2014-06-26
|y BK
|